-
FURNISS , BRAINS .,HANNAFORD ANTONY J., SMITH, PETER W.G. AND TATCHELL
Entry Personal Name
Number of records used in: 1
001 - CONTROL NUMBER
003 - CONTROL NUMBER IDENTIFIER
005 - DATE AND TIME OF LATEST TRANSACTION
- control field:
20240117102439.0
008 - FIXED-LENGTH DATA ELEMENTS
- fixed length control field:
240117|| aca||aabn | a|a d
040 ## - CATALOGING SOURCE
- Original cataloging agency:
JRU
- Transcribing agency:
JRU
100 ## - HEADING--PERSONAL NAME
- Personal name:
FURNISS , BRAINS .,HANNAFORD ANTONY J., SMITH, PETER W.G. AND TATCHELL
670 ## - SOURCE DATA FOUND
- Source citation:
Work cat.: (JRU)8062: FURNISS , BRAINS .,HANNAFORD ANTONY J., SMITH, PETER W.G. AND TATCHELL, VOGEL'S TEXTBOOK OF PRACTICAL ORGANIC CHEMISTRY, 2022